<?xml version="1.0" encoding="UTF-8"?>
<marc:record xmlns:marc="http://www.loc.gov/MARC21/slim">
   <marc:leader>00000nam a2200000 a 4500</marc:leader>
   <marc:datafield ind1="1" ind2=" " tag="100">
      <marc:subfield code="a">Oda, Eiichirō</marc:subfield>
      <marc:subfield code="4">aut</marc:subfield>
      <marc:subfield code="e">Verfasser/-in</marc:subfield>
   </marc:datafield>
   <marc:datafield ind1=" " ind2=" " tag="653">
      <marc:subfield code="a">Manga</marc:subfield>
   </marc:datafield>
   <marc:datafield ind1="0" ind2="0" tag="245">
      <marc:subfield code="a">One Piece 5</marc:subfield>
   </marc:datafield>
   <marc:datafield ind1="0" ind2="0" tag="245">
      <marc:subfield code="b">wem schlägt jetzt die Stunde?</marc:subfield>
   </marc:datafield>
   <marc:datafield ind1="0" ind2="0" tag="245">
      <marc:subfield code="c">Oda, Eiichirō</marc:subfield>
   </marc:datafield>
   <marc:datafield ind1=" " ind2="1" tag="264">
      <marc:subfield code="a">Hamburg</marc:subfield>
      <marc:subfield code="b">Carlsen Manga!</marc:subfield>
      <marc:subfield code="c">2001</marc:subfield>
   </marc:datafield>
   <marc:datafield ind1="1" ind2=" " tag="490">
      <marc:subfield code="a">One Piece</marc:subfield>
      <marc:subfield code="v">5</marc:subfield>
   </marc:datafield>
   <marc:datafield ind1="1" ind2=" " tag="520">
      <marc:subfield code="a">Der beliebteste Manga der Welt!&#xD;
&#xD;
Die Geschichte von Ruffy und seinen Freunden ist ein einzigartiges Abenteuer voller Action, Dramatik, Freundschaft und Humor. Mit über 500 Millionen verkauften Exemplaren weltweit ist One Piece die erfolgreichste Mangaserie aller Zeiten!&#xD;
&#xD;
Käpt'n Black, der schmierige Butler Beauregard, will Miss Kaya töten und ihr Vermögen erben. Mit fiesen Techniken wie der Katzenkralle und dem Todes-Buckel macht er Ruffy schwer zu schaffen. Derweil hat sein Gehilfe Jacko Miss Kaya in die Enge getrieben und fast sieht es so aus, als würden die finsteren Pläne Käpt'n Blacks aufgehen...</marc:subfield>
   </marc:datafield>
   <marc:datafield ind1=" " ind2=" " tag="020">
      <marc:subfield code="a">9783551745859</marc:subfield>
      <marc:subfield code="9">9783551745859</marc:subfield>
   </marc:datafield>
   <marc:datafield ind1=" " ind2=" " tag="041">
      <marc:subfield code="a">ger</marc:subfield>
   </marc:datafield>
   <marc:datafield ind1="0" ind2=" " tag="490">
      <marc:subfield code="v">5</marc:subfield>
   </marc:datafield>
   <marc:datafield ind1="1" ind2=" " tag="521">
      <marc:subfield code="a">Ab 10 Jahren</marc:subfield>
   </marc:datafield>
   <marc:datafield ind1=" " ind2=" " tag="338">
      <marc:subfield code="a">Band</marc:subfield>
   </marc:datafield>
   <marc:datafield ind1=" " ind2=" " tag="300">
      <marc:subfield code="a">186 Seiten</marc:subfield>
   </marc:datafield>
</marc:record>
